01139cam a22002771a 4500001001300000003000400013005001700017007001500034008004100049010001700090035001900107040004800126042001200174050002700186051001600213100001800229245015200247260003300399300002000432490007100452501018100523530006900704650001900773700001800792856005100810e 14001982 DLC20260227111202.0cr_|||||||||||830414s1914 dcu f000 0 eng c ae 14001982  a(OCoLC)9410217 aU.S. Off. of Educ. LibrarycABAUdABAUdDLC apremarc00aL111b.A6 1914, no. 25 aLB1567b.H61 aHodges, W. T.00aImportant features in rural school improvement /ccompiled from special reports of rural superintendents to the Bureau of Education by W.T. Hodges. aWashington :bG.P.O.,c1914. a55 p. ;c23 cm.0 aBulletin / U.S. Bureau of Education ;v1914, no. 25. Whole no. 599 aCopies 1 and 2 of L111.A6 with: University extension in the United States / Louis E. Reber. Washington : Govt. Print. Off., 1914. Bound together subsequent to publication.5DLC aAlso available in digital form on the Internet Archive Web site. 0aRural schools.1 aHodges, W. T.41uhttp://hdl.loc.gov/loc.gdc/scd0001.00221587340